000 02332cam a2200685 a 4500
001 22213
003 VRT
005 20260323133857.0
008 240318s2011 xo g 000 | slo
015 _aSNBA2012/02-00626
020 _a9788055126722
_q(viaz.)
035 _a5C268DFD-52D9-4754-B401-764187DFF8B7
035 _aurn:nbn:sk:snk-amjipc
035 _aurn:nbn:sk:snk-am000wq0
039 9 _a202403181615
_bVLOAD
_c201603161324
_dcsnk09
_c201602011422
_dAUTHORITY
_c201602011421
_dAUTHORITY
040 _aPPPK
_bslo
_cPPPK
_dSNK
_eAACR2
041 1 _aslo
_heng
043 _ae-ie---
044 _axo
_cSK
072 7 _a2
_xNáboženstvo
_2konspekt
072 7 _a929
_xBiografie
_2konspekt
080 _a2-587-055.2
_22001
080 _a929
_22001
080 _a2-167.4
_22001
080 _a159.96
_22001
080 _a(417)
_22001
080 _a(0:82-312.6)
_22001
100 1 _aByrne, Lorna,
_d1953-
_4aut
240 1 0 _aStairways to heaven
_lSlovensky
245 1 0 _aSchody do neba
_cLorna Byrneová ; [z anglického originálu preložila Tatiana Sedová]
250 _a[1. vyd.]
260 _aBratislava
_bIkar
_c2011
300 _a253 s.
_c21 cm
500 _aOd autorky bestselleru Anjeli v mojich vlasoch
600 1 7 _aByrne, Lorna,
_d1953-
_2SNKMA
648 7 _a20.-21. stor.
_2SNKPH
648 7 _a20th-21st centuries
_2SNKPHeng
650 0 7 _amystici
_2SNKPH
650 0 7 _aanjeli strážni
_2SNKPH
650 0 7 _aWomen mystics
_2SNKPHeng
650 0 7 _aGuardian angels
_2SNKPHeng
650 0 7 _achanneling
_2SNKPH
651 7 _aÍrsko
_2SNKPH
651 7 _aIreland
_2SNKPHeng
655 7 _aautobiografické príbehy
_2SNKPH
655 7 _aAutobiographical stories
_2SNKPHeng
700 1 _aSedová, Tatiana,
_d1953-
_4trl
942 _2ddc
_cKLDO
_n0
949 _617A0720712
_asnkSC 146968
_bsnk2011/21270
_o2237/11
949 _6270001000385821
_asvkbbA 132564
_bsvkbbm 721264
949 _617A0720799
_asnkSC 146968 D1
_bsnk2011/21575
_o2237/11
_s6100:20210923
949 _62889176996
_asavukPV 15638
_bsavuk2011/5434
949 _6273K0540330
_asvkpoA 212676
_bsvkpo544682
949 _63830001083414
_akurukT1/BYRN1-1
_bkuruk2013/F8619
_oD2013/Kendera
949 _6273K0638827
_asvkpoA 240756
_bsvkpo632126
980 _a2-587-055.2
980 _a2-167.4
980 _a(0:82-312.6)
980 _a159.96
999 _c22213
_d22213